De lo nacional a lo transfronterizo: resistencias a la estatalidad en Africa y Latinoamérica /

Wedi'i Gadw mewn:
Manylion Llyfryddiaeth
Prif Awdur: Caballero Santos, Sergio
Awduron Eraill: Tabernero Martín, Carlos
Fformat: Texto
Tagiau: Ychwanegu Tag
Dim Tagiau, Byddwch y cyntaf i dagio'r cofnod hwn!

MARC

LEADER 00000 a a2200000 04500
001 48665
003
040
100 |a Caballero Santos, Sergio  
245 |a De lo nacional a lo transfronterizo:   |b resistencias a la estatalidad en Africa y Latinoamérica /  |c Sergio Caballero Santos, Carlos Tabernero Martín  
700 |a Tabernero Martín, Carlos  
773 |g volumen19, número51, (2015), páginas 117-130  
999 |c 27282  |d 27282